00775nam a2200217Ia 4500003000900000008004100009040001300050040001300063041000800076100002100084245013000105250001100235260001400246260000900260300001200269490004400281490000800325942000700333999001700340952020000357IT-RoPAU120407s9999 xx 000 0 und d aIT-RoPAU cIT-RoPAU aita aLuigi Pirandello aUno , nessuno e centomila. Dalle “Novelle per un anno”. In “Narratori dell’Ottocento e del primo Novecento” Vol. IV aMilano aRicciardi c1966 c22,5 cm aLa Letteratura Italiana, Storia e Testi v645 cBK c21285d21285 00102ddc406850_36400000000000071aPAULUSbPAULUSd2012-04-11l0o850.364r2012-04-11 00:00:00w2012-04-11yBKzInserito da: Mario In data: 19 settembre 2011 fondo: Via A.Severo 56 Progr:36321